Statistics for Hot Fuzz Cast

Click here to take the quiz!

General Stats

  • This quiz has been taken 19 times
  • The average score is 10 of 41

Answer Stats

HintAnswer% Correct
Nicholas AngelSimon Pegg
100%
PC Danny ButtermanNick Frost
81%
Simon SkinnerTimothy Dalton
75%
Met SergeantMartin Freeman
69%
PC Doris ThatcherOlivia Colman
69%
Met Chief Insp. KennethBill Nighy
63%
Insp. Frank ButtermanJim Broadbent
63%
Det. Sgt. Andy WainwrightPaddy Considine
63%
JanineCate Blanchett
50%
Metropolitan InspectorSteve Coogan
50%
Tim MessengerAdam Buxton
44%
Det. Con. Andy CartwrightRafe Spall
44%
Peter Ian StakerStephen Merchant
44%
Rev. Philip ShooterPaul Freeman
31%
Criminal Dressed as Father ChristmasPeter Jackson
31%
Sergeant TurnerBill Bailey
25%
Shelf StackerEdgar Wright
19%
Tom WeaverEdward Woodward
19%
Michael "Lurch" ArmstrongRory McCann
19%
Leslie TillerAnne Reid
13%
BobJoe Cornish
13%
Eve DraperLucy Punch
13%
Joyce CooperBillie Whitelaw
6%
Arthur WebleyDavid Bradley
6%
Mary PorterJulia Deakin
6%
James ReaperKenneth Cranham
6%
Sgt. Tony FisherKevin Eldon
6%
(Not) JanineRobert Popper
6%
George MerchantRon Cook
6%
TinaAlice Lowe
0%
Peter CockerBen Mckay
0%
DaveChris Waitt
0%
Martin BlowerDavid Threlfall
0%
Bernard CooperEric Mason
0%
Crack AddictGarth Jennings
0%
PC Bob WalkerKarl Johnson
0%
Mrs. ReaperMaria Charles
0%
Annette RoperPatricia Franklin
0%
Roy PorterPeter Wight
0%
Robin HatcherStuart Wilson
0%
Mr. TreacherTim Barlow
0%

Score Distribution

Percentile by Number Answered

Percent of People with Each Score

Your Score History

You have not taken this quiz